Estatísticas para Países da União Europeia

Clique aqui para jogar o quiz

Estatísticas Gerais

  • Esse quiz foi jogado 3 917 vezes
  • A pontuação média é 23 de 27

Estatísticas das Respostas

País% Correto
Portugal
99%
Espanha
98%
Alemanha
98%
França
97%
Itália
94%
Bélgica
93%
Suécia
92%
Grécia
91%
Países Baixos
91%
Polônia
88%
Irlanda
88%
Dinamarca
87%
Finlândia
87%
Áustria
85%
Croácia
84%
Lituânia
83%
Estônia
82%
Letônia
81%
Luxemburgo
81%
Eslováquia
81%
Hungria
80%
Eslovênia
80%
República Checa
76%
Bulgária
76%
Romênia
75%
Malta
70%
Chipre
55%

Distribuição das Pontuações

Percentil de Números Respondidos

Porcentagem de Pessoas com Cada Pontuação

Sua Pontuação Histórica

Você não jogou esse quiz